[Event "Outaouais-ch Reserves"]
[Site "Gatineau CAN"]
[Date "2018.04.10"]
[Round "2"]
[White "Lavergne, Daniel"]
[Black "Legare, Gilles"]
[Result "1-0"]
[WhiteElo "1695"]
[BlackElo "1046"]
[PlyCount "87"]
[EventDate "2018.04.03"]
[EventType "swiss"]
[EventRounds "7"]
[EventCountry "CAN"]

1. e4 c5 2. Nf3 Nc6 3. d4 cxd4 4. Nxd4 e5 5. Nb5 Nf6 6. N1c3 Bc5 7. Nd6+ Bxd6
8. Qxd6 Qe7 9. Qxe7+ Nxe7 10. Bg5 Ng6 11. Bxf6 gxf6 12. Nd5 O-O 13. Nxf6+ Kg7
14. Nd5 d6 15. O-O-O b6 16. Nc7 Rb8 17. Rxd6 Be6 18. Nxe6+ fxe6 19. f3 a5 20.
Rxe6 a4 21. Bb5 a3 22. bxa3 Rfc8 23. c4 Rc5 24. Rd1 Rb7 25. Rdd6 Rbc7 26. Rxb6
Nf4 27. Rec6 Ne2+ 28. Kb2 R5xc6 29. Rxc6 Rb7 30. Re6 Nd4 31. Rxe5 Kf6 32. f4
Rb8 33. g4 Kg6 34. h4 Rd8 35. h5+ Kh6 36. Rd5 Ne6 37. Rxd8 Nxd8 38. a4 Nb7 39.
Kc3 Nd6 40. Kd4 Kg7 41. c5 Nf7 42. c6 h6 43. c7 Nd6 44. Ba6 1-0

[Event "Outaouais-ch Reserves"]
[Site "Gatineau CAN"]
[Date "2018.04.10"]
[Round "2"]
[White "Lecorre, Joel"]
[Black "Labrie, Dany"]
[Result "1-0"]
[WhiteElo "1515"]
[BlackElo "1298"]
[PlyCount "93"]
[EventDate "2018.04.03"]
[EventType "swiss"]
[EventRounds "7"]
[EventCountry "CAN"]

1. e4 d5 2. exd5 Qxd5 3. Nf3 c5 4. c4 Qd6 5. Nc3 Nc6 6. Ne4 Qe6 7. Qe2 b6 8. b3
h6 9. Bb2 Bb7 10. Ng3 Qd7 11. Ne5 Nd4 12. Nxd7 Nxe2 13. Nxf8 Nxg3 14. hxg3 Kxf8
15. d4 Rd8 16. dxc5 bxc5 17. Rd1 Rxd1+ 18. Kxd1 Nf6 19. f3 a5 20. a4 Nd7 21.
Bc3 e5 22. Bd3 Ke7 23. Bf5 Rd8 24. Bxa5 Nb6+ 25. Kc2 Rd6 26. Rd1 Nd7 27. Bc3 f6
28. b4 Rxd1 29. Kxd1 Nb6 30. bxc5 Nxa4 31. Bb4 Ba8 32. Kc2 Kf7 33. Kb3 g6 34.
Be4 Nxc5+ 35. Bxc5 Bxe4 36. fxe4 Ke6 37. Be3 g5 38. g4 Kd6 39. Kb4 Kc6 40. Ka5
Kd6 41. Kb6 Ke6 42. c5 Kf7 43. c6 Kg6 44. c7 h5 45. gxh5+ Kxh5 46. c8=Q Kh4 47.
Qh3# 1-0

[Event "Outaouais-ch Reserves"]
[Site "Gatineau CAN"]
[Date "2018.04.10"]
[Round "2"]
[White "Lemieux, Richard"]
[Black "Sabourin, Yves"]
[Result "1-0"]
[WhiteElo "1660"]
[BlackElo "1501"]
[PlyCount "56"]
[EventDate "2018.04.03"]
[EventType "swiss"]
[EventRounds "7"]
[EventCountry "CAN"]

1. e4 e5 2. Nf3 Nf6 3. Nc3 Nc6 4. Bc4 Bb4 5. O-O d6 6. Re1 Bg4 7. a3 Bc5 8. Bb5
a6 9. Bxc6+ bxc6 10. d3 Qb8 11. h3 Bh5 12. g4 Bg6 13. Nh4 Qb6 14. Qf3 Bd4 15.
Nf5 Bxf5 16. exf5 Kd7 17. g5 Bxc3 18. bxc3 Nd5 19. c4 Qa5 20. Qe2 Nb6 21. Bd2
Qa4 22. Qg4 Ke7 23. f6+ Kf8 24. fxg7+ Kxg7 25. f4 Qxc2 26. Qe2 exf4 27. Rac1
Qa2 28. Bc3+ Kg6 1-0

[Event "Outaouais-ch Reserves"]
[Site "Gatineau CAN"]
[Date "2018.04.10"]
[Round "2"]
[White "Masse-Garneau, Anthony"]
[Black "Raymond, Daniel"]
[Result "0-1"]
[WhiteElo "1549"]
[BlackElo "1667"]
[PlyCount "140"]
[EventDate "2018.04.03"]
[EventType "swiss"]
[EventRounds "7"]
[EventCountry "CAN"]

1. d4 d5 2. Nf3 e6 3. Bf4 c5 4. c3 Nc6 5. e3 Nf6 6. Bb5 Bd7 7. Bxc6 Bxc6 8. O-O
Bd6 9. Ne5 Bb5 10. Re1 Qc7 11. Nd2 O-O 12. Qf3 Rfd8 13. Rac1 Rac8 14. c4 Ba6
15. cxd5 exd5 16. Bg5 Bxe5 17. Rxc5 Bxh2+ 18. Kh1 Qd6 19. Rxc8 Rxc8 20. Bxf6
Qxf6 21. Qxf6 gxf6 22. Kxh2 Rc2 23. Nb3 Rxf2 24. Nc5 Rxb2 25. Nxa6 bxa6 26. e4
dxe4 27. Rxe4 Rxa2 28. Re7 Rb2 29. Rxa7 Rb6 30. Kg3 Rd6 31. Kf3 Rxd4 32. Rxa6
Kg7 33. g4 Kg6 34. Ra5 Rd1 35. Kg3 Re1 36. Kh4 h6 37. Ra6 Rh1+ 38. Kg3 Kg5 39.
Ra5+ Kg6 40. Ra6 Re1 41. Kh4 Re5 42. Rb6 Kg7 43. Rb4 Rg5 44. Rf4 Kg6 45. Rf3 f5
46. gxf5+ Rxf5 47. Rc3 Rh5+ 48. Kg4 f5+ 49. Kf4 Rh4+ 50. Kg3 Rg4+ 51. Kh3 Kg5
52. Rc8 h5 53. Rg8+ Kf4 54. Rh8 h4 55. Rh7 Kf3 56. Ra7 Re4 57. Ra3+ Re3 58. Ra4
Kf2+ 59. Kh2 Re4 60. Ra2+ Kf3 61. Ra3+ Re3 62. Ra4 f4 63. Kh3 Ke2+ 64. Kxh4 f3
65. Ra2+ Kf1 66. Ra1+ Kg2 67. Ra4 f2 68. Rg4+ Kf3 69. Rg3+ Ke2 70. Rg2 Ke1 0-1

[Event "Outaouais-ch Reserves"]
[Site "Gatineau CAN"]
[Date "2018.04.10"]
[Round "2"]
[White "Pearce, Thomas"]
[Black "Ramesh, Sanjay"]
[Result "1-0"]
[WhiteElo "1558"]
[BlackElo "1400"]
[PlyCount "63"]
[EventDate "2018.04.03"]
[EventType "swiss"]
[EventRounds "7"]
[EventCountry "CAN"]

1. d4 Nf6 2. c4 e6 3. e3 d5 4. Nc3 c5 5. Nf3 Nc6 6. a3 a6 7. Be2 Bd6 8. O-O O-O
9. dxc5 Bxc5 10. b4 Bd6 11. c5 Bc7 12. Bb2 b6 13. Qc2 bxc5 14. bxc5 Bb7 15.
Rad1 Qe7 16. Na4 Rac8 17. Qb1 Nd8 18. Ne5 Bxe5 19. Bxe5 Nd7 20. Bd6 Qe8 21.
Bxf8 Nxf8 22. Qb4 Qe7 23. Rc1 Qg5 24. h4 Qg6 25. f3 Nd7 26. Nb6 Rc7 27. Nxd7
Nc6 28. Qb6 Rxd7 29. Bxa6 Ne7 30. Bxb7 Nf5 31. Ba6 h6 32. Bd3 1-0

[Event "Outaouais-ch Reserves"]
[Site "Gatineau CAN"]
[Date "2018.04.10"]
[Round "2"]
[White "Seguin, Hubert"]
[Black "Danilov, Alex"]
[Result "0-1"]
[WhiteElo "1544"]
[BlackElo "1667"]
[PlyCount "62"]
[EventDate "2018.04.03"]
[EventType "swiss"]
[EventRounds "7"]
[EventCountry "CAN"]

1. e4 c5 2. Nf3 Nc6 3. d4 cxd4 4. Nxd4 g6 5. Nc3 Bg7 6. Be3 Nf6 7. Be2 O-O 8.
Qd2 Qa5 9. f3 Qb4 10. Nb3 Qd6 11. Qxd6 exd6 12. O-O-O a6 13. Rxd6 Ne8 14. Rd2
d6 15. Nd5 Be6 16. Nb6 Rd8 17. Rhd1 Ne5 18. Bc5 Bh6 19. Kb1 Bxd2 20. Rxd2 Nc6
21. Ba3 f5 22. Nc4 fxe4 23. Nxd6 exf3 24. Bxf3 Ne5 25. Bxb7 Rf1+ 26. Nc1 Nxd6
27. Bxa6 Bc4 28. Bxc4+ Nexc4 29. Rd3 Nxa3+ 30. Rxa3 Nc4 31. Rd3 Nd2+ 0-1

[Event "Outaouais-ch Reserves"]
[Site "Gatineau CAN"]
[Date "2018.04.17"]
[Round "3"]
[White "Celac, Ekaterina"]
[Black "Berthiaume, Serge"]
[Result "0-1"]
[WhiteElo "1251"]
[BlackElo "1466"]
[PlyCount "86"]
[EventDate "2018.04.03"]
[EventType "swiss"]
[EventRounds "7"]
[EventCountry "CAN"]

1. e4 Nc6 2. Nf3 e5 3. d3 d6 4. Be3 Nf6 5. Nc3 Bg4 6. h3 Bxf3 7. gxf3 d5 8. d4
Bb4 9. Bb5 Qd6 10. Qd3 O-O-O 11. O-O-O exd4 12. Bxd4 Nxd4 13. Qxd4 Qf4+ 14. Kb1
Bd6 15. exd5 Qxd4 16. Rxd4 Bc5 17. Rd2 a6 18. Bc4 c6 19. Rhd1 Kc7 20. Ne4 Nxe4
21. fxe4 Rd6 22. dxc6 Rxd2 23. Rxd2 Kxc6 24. Bxf7 Rf8 25. Bd5+ Kc7 26. f3 Rxf3
27. c3 Rxh3 28. Be6 Rg3 29. Rd5 a5 30. Rxc5+ Kd6 31. Rxa5 Kxe6 32. Rb5 g5 33.
Rxb7 h5 34. Rb6+ Ke5 35. a4 h4 36. Rb5+ Kxe4 37. Rb4+ Ke3 38. Rd4 h3 39. Rd1 h2
40. Rh1 Rg1+ 41. Rxg1 hxg1=Q+ 42. Kc2 Ke2 43. a5 Qd1# 0-1

[Event "Outaouais-ch Reserves"]
[Site "Gatineau CAN"]
[Date "2018.04.17"]
[Round "3"]
[White "Celac, Jasmine"]
[Black "Chen, Daniel"]
[Result "0-1"]
[WhiteElo "1028"]
[BlackElo "996"]
[PlyCount "34"]
[EventDate "2018.04.03"]
[EventType "swiss"]
[EventRounds "7"]
[EventCountry "CAN"]

1. e4 d5 2. Nc3 d4 3. Nb5 Nc6 4. Na3 Nf6 5. c3 b6 6. Nf3 Bg4 7. cxd4 Nxd4 8.
Nxd4 Bxd1 9. Kxd1 Qxd4 10. g3 Rd8 11. Kc2 Qxe4+ 12. d3 Qxh1 13. Kb1 e6 14. Be2
Bb4 15. d4 Bd2 16. Bb5+ Rd7 17. Bd3 Qxc1# 0-1

[Event "Outaouais-ch Reserves"]
[Site "Gatineau CAN"]
[Date "2018.04.17"]
[Round "3"]
[White "Danilov, Alex"]
[Black "Pearce, Thomas"]
[Result "1-0"]
[WhiteElo "1667"]
[BlackElo "1558"]
[PlyCount "52"]
[EventDate "2018.04.03"]
[EventType "swiss"]
[EventRounds "7"]
[EventCountry "CAN"]

1. Nf3 c5 2. c4 e6 3. e3 Nf6 4. b3 Nc6 5. Bb2 Be7 6. Nc3 a6 7. Be2 O-O 8. O-O
b6 9. d4 Bb7 10. d5 exd5 11. cxd5 Nb4 12. d6 Bxd6 13. Qxd6 Ne8 14. Qd2 d6 15.
a3 Nc6 16. Rad1 Ne7 17. e4 Qc7 18. a4 Rd8 19. Bc4 Nf6 20. Ng5 d5 21. exd5 Nfxd5
22. Qc2 g6 23. Nge4 f5 24. Ng5 Rf6 25. Nxd5 Bxd5 26. Bxf6 Qc6 1-0

[Event "Outaouais-ch Reserves"]
[Site "Gatineau CAN"]
[Date "2018.04.17"]
[Round "3"]
[White "Gareau, Charles"]
[Black "Masse-Garneau, Anthony"]
[Result "0-1"]
[WhiteElo "1348"]
[BlackElo "1549"]
[PlyCount "94"]
[EventDate "2018.04.03"]
[EventType "swiss"]
[EventRounds "7"]
[EventCountry "CAN"]

1. e4 e5 2. Nf3 Nc6 3. Bc4 Bc5 4. c3 Nf6 5. d4 exd4 6. cxd4 Bb4+ 7. Bd2 Bxd2+
8. Nbxd2 d5 9. exd5 Nxd5 10. O-O O-O 11. a3 Bg4 12. Nb3 Nb6 13. Bd3 Qf6 14. Be4
Rad8 15. h3 Bxf3 16. Qxf3 Qxf3 17. Bxf3 Nxd4 18. Nxd4 Rxd4 19. Bxb7 Rb8 20. Ba6
Rbd8 21. b3 Kf8 22. Be2 Nd5 23. Rad1 Nc3 24. Rde1 Nxe2+ 25. Rxe2 Rd1 26. Rxd1
Rxd1+ 27. Kh2 Rd3 28. Rb2 Ke8 29. Re2+ Kd7 30. Re3 Rxe3 31. fxe3 Kd6 32. Kg3
Ke5 33. Kf3 a5 34. g4 g5 35. Ke2 Ke4 36. Kf2 Kd3 37. Kf3 Kc3 38. b4 a4 39. Ke2
c6 40. e4 Kb3 41. Kd3 Kxa3 42. Kc3 h6 43. e5 Ka2 44. Kc2 a3 45. Kc1 Kb3 46. Kb1
Kxb4 47. Ka2 c5 0-1

[Event "Outaouais-ch Reserves"]
[Site "Gatineau CAN"]
[Date "2018.04.17"]
[Round "3"]
[White "Labrie, Dany"]
[Black "Seguin, Hubert"]
[Result "0-1"]
[WhiteElo "1298"]
[BlackElo "1544"]
[PlyCount "60"]
[EventDate "2018.04.03"]
[EventType "swiss"]
[EventRounds "7"]
[EventCountry "CAN"]

1. e4 c5 2. f4 d6 3. Nc3 g6 4. Bc4 Bg7 5. d3 Nc6 6. Nf3 Bg4 7. O-O Nf6 8. Qe1
Bxf3 9. Rxf3 Nd4 10. Rf2 a6 11. f5 e6 12. h3 O-O 13. Bg5 h6 14. Be3 Nh5 15. Qd2
Kh7 16. Ne2 Nxe2+ 17. Qxe2 exf5 18. Raf1 Ng3 19. Qe1 Nxf1 20. Qxf1 fxe4 21.
dxe4 Qe7 22. Bd5 f5 23. Qd3 fxe4 24. Bxe4 Rf6 25. Rf3 Raf8 26. Bf4 Rxf4 27.
Bxg6+ Kh8 28. Bh5 Rxf3 29. Bxf3 Qe1+ 30. Qf1 Bd4+ 0-1

[Event "Outaouais-ch Reserves"]
[Site "Gatineau CAN"]
[Date "2018.04.17"]
[Round "3"]
[White "Lavergne, Daniel"]
[Black "Ethier, Valori"]
[Result "1/2-1/2"]
[WhiteElo "1695"]
[BlackElo "1341"]
[PlyCount "85"]
[EventDate "2018.04.03"]
[EventType "swiss"]
[EventRounds "7"]
[EventCountry "CAN"]

1. d4 d5 2. c4 c6 3. Nc3 e5 4. cxd5 cxd5 5. e3 e4 6. Nge2 Nf6 7. h4 Be7 8. Nf4
Bb4 9. Qb3 Bxc3+ 10. bxc3 O-O 11. Ba3 Re8 12. c4 Nc6 13. c5 a6 14. Be2 Qa5+ 15.
Kf1 Qd8 16. Rb1 Re7 17. Qb6 Bf5 18. Qxd8+ Rxd8 19. g3 Bg4 20. Rb3 Bxe2+ 21.
Kxe2 Rb8 22. f3 Na5 23. Rc3 exf3+ 24. Kxf3 Nc4 25. c6 Nxa3 26. Rxa3 bxc6 27.
Rxa6 Rc7 28. Rc1 Rbc8 29. g4 h6 30. a4 Ne4 31. a5 Nd2+ 32. Ke2 Ne4 33. Rb6 Nd6
34. Nd3 Nc4 35. Ra6 Re7 36. Ne5 Nxe5 37. dxe5 c5 38. Rd6 Rxe5 39. Kf3 f6 40.
Rd1 d4 41. exd4 cxd4 42. R1xd4 Rxa5 43. Rd8+ 1/2-1/2

[Event "Outaouais-ch Reserves"]
[Site "Gatineau CAN"]
[Date "2018.04.17"]
[Round "3"]
[White "Ramesh, Sanjay"]
[Black "Raymond, Robert"]
[Result "1-0"]
[WhiteElo "1400"]
[BlackElo "1292"]
[PlyCount "59"]
[EventDate "2018.04.03"]
[EventType "swiss"]
[EventRounds "7"]
[EventCountry "CAN"]

1. e4 e5 2. f4 exf4 3. Bc4 Qh4+ 4. Kf1 f3 5. Nxf3 Qf6 6. d4 h6 7. Nc3 c6 8. a3
d6 9. h3 g5 10. e5 Qg6 11. Bd3 Bf5 12. Bxf5 Qxf5 13. g4 Qd7 14. Qe2 d5 15. Nd1
Qe6 16. Kg2 Nd7 17. Re1 O-O-O 18. b4 Ne7 19. a4 Ng6 20. b5 Nf4+ 21. Bxf4 gxf4
22. Qd2 Be7 23. Qxf4 Rdg8 24. Ne3 Bg5 25. Nxg5 hxg5 26. Qf5 Rg7 27. bxc6 bxc6
28. Rf1 Qh6 29. Rf3 Qe6 30. Qd3 1-0

[Event "Outaouais-ch Reserves"]
[Site "Gatineau CAN"]
[Date "2018.04.17"]
[Round "3"]
[White "Raymond, Daniel"]
[Black "Lemieux, Richard"]
[Result "1-0"]
[WhiteElo "1725"]
[BlackElo "1660"]
[PlyCount "121"]
[EventDate "2018.04.03"]
[EventType "swiss"]
[EventRounds "7"]
[EventCountry "CAN"]

1. e4 c6 2. d4 d5 3. Nd2 e6 4. Ngf3 c5 5. exd5 Qxd5 6. Bc4 Qd8 7. O-O Nc6 8.
Nb3 cxd4 9. Nfxd4 Nxd4 10. Nxd4 a6 11. Re1 Be7 12. c3 b5 13. Bb3 Qc7 14. Qf3
Bb7 15. Qh3 e5 16. Qg3 Kf8 17. Nf5 Bf6 18. Bg5 Bxg5 19. Qxg5 f6 20. Qg3 Nh6 21.
Nd4 Bc8 22. Qf3 Ra7 23. Nc6 Bb7 24. Bd5 Bxc6 25. Bxc6 Ke7 26. Rad1 Rd8 27. Rxd8
Qxd8 28. Rd1 Qb8 29. Qd3 Qc7 30. Be4 f5 31. Bxf5 g6 32. Be4 Nf7 33. Bd5 Nh6 34.
Qh3 Nf5 35. Qxh7+ Kf6 36. Qxc7 Rxc7 37. Be4 Ne7 38. Rd6+ Kg5 39. Rxa6 Rd7 40.
g3 Rd1+ 41. Kg2 Re1 42. Bd3 e4 43. Bxb5 Nf5 44. f4+ exf3+ 45. Kxf3 Rb1 46. Bd3
Rxb2 47. Bxf5 Kxf5 48. Ra5+ Kf6 49. h4 Rc2 50. a4 Rxc3+ 51. Kg2 Rc8 52. Ra7 Kf5
53. a5 Kg4 54. Rf7 Ra8 55. Rf4+ Kh5 56. Ra4 g5 57. hxg5 Kxg5 58. a6 Ra7 59. Kf3
Rf7+ 60. Ke4 Kg4 61. a7 1-0

[Event "Outaouais-ch Reserves"]
[Site "Gatineau CAN"]
[Date "2018.04.17"]
[Round "3"]
[White "Rioux, Jocelyn"]
[Black "Lecorre, Joel"]
[Result "1/2-1/2"]
[WhiteElo "1617"]
[BlackElo "1515"]
[PlyCount "182"]
[EventDate "2018.04.03"]
[EventType "swiss"]
[EventRounds "7"]
[EventCountry "CAN"]

1. e4 e5 2. Nf3 Nc6 3. Bc4 Bc5 4. O-O Nf6 5. Re1 O-O 6. c3 d6 7. d4 Bb6 8. Bb3
Bg4 9. d5 Ne7 10. h3 Bxf3 11. Qxf3 Ng6 12. Bg5 h6 13. Bxf6 Qxf6 14. Qxf6 gxf6
15. g3 Kh7 16. Bd1 Rg8 17. Bg4 c6 18. c4 cxd5 19. cxd5 Bd4 20. Nc3 a6 21. Bf5
Kg7 22. Rac1 Ne7 23. Bg4 Kg6 24. Na4 h5 25. Be2 Rac8 26. Kg2 Kh6 27. Nc3 Ng6
28. Kh2 h4 29. Bg4 Rc7 30. Rc2 b5 31. Rec1 hxg3+ 32. fxg3 Be3 33. Nd1 Rxc2+ 34.
Rxc2 Bc5 35. Rc3 b4 36. Rf3 Kg7 37. Ne3 Bxe3 38. Rxe3 Rb8 39. Re1 Rb5 40. Rc1
Rc5 41. Rxc5 dxc5 42. Be2 a5 43. h4 Ne7 44. Bb5 Nc8 45. b3 Nd6 46. Bd3 Kg6 47.
g4 Kh6 48. Kg3 Kg6 49. Kf3 Kh6 50. Ke3 Kg6 51. Be2 Kh6 52. h5 Kg5 53. Kf3 Kh6
54. Bd3 Kg5 55. Kg3 Ne8 56. Kf3 Kh6 57. Ke3 Kg5 58. Ba6 Nd6 59. Kd3 Kh6 60. Ke3
Kg5 61. Bd3 Kh6 62. Kd2 Kg5 63. Kc2 Kh6 64. Kb2 Kg5 65. a4 Kh6 66. Kc2 Nc8 67.
Bb5 Nd6 68. Kd3 Kg5 69. Be8 Nxe8 70. Kc4 Nd6+ 71. Kxc5 Nxe4+ 72. Kb5 Nd6+ 73.
Kxa5 e4 74. Kxb4 Kxg4 75. h6 e3 76. Kc3 Kf3 77. h7 e2 78. Kd2 Kf2 79. h8=Q
e1=Q+ 80. Kc2 Qe2+ 81. Kc3 Qe1+ 82. Kb2 Qe5+ 83. Ka3 Nf5 84. Qh5 Qxd5 85. Qh2+
Ke3 86. Qg1+ Kf4 87. Qh2+ Ke4 88. Qg2+ Ke5 89. Qe2+ Kd6 90. Qa6+ Qc6 91. Qd3+
Qd5 1/2-1/2

[Event "Outaouais-ch Reserves"]
[Site "Gatineau CAN"]
[Date "2018.04.17"]
[Round "3"]
[White "Sabourin, Yves"]
[Black "Bourbonnais, Luc"]
[Result "1-0"]
[WhiteElo "1501"]
[BlackElo "1356"]
[PlyCount "61"]
[EventDate "2018.04.03"]
[EventType "swiss"]
[EventRounds "7"]
[EventCountry "CAN"]

1. d4 Nf6 2. c4 c5 3. d5 e5 4. Nc3 d6 5. e4 Be7 6. f4 exf4 7. Bxf4 Ng4 8. Be2
Ne5 9. Nf3 Nbd7 10. O-O O-O 11. Rb1 a6 12. b4 b6 13. bxc5 bxc5 14. Nxe5 Nxe5
15. Bxe5 dxe5 16. Bg4 Qd6 17. Bxc8 Raxc8 18. Qc2 Bg5 19. Rb7 Bd8 20. Qa4 Qh6
21. Qd7 Qe3+ 22. Kh1 Qd3 23. Rf3 Qc2 24. h3 Bf6 25. Qa4 Qc1+ 26. Qd1 Qg5 27.
Qb1 Qd2 28. Na4 Qd4 29. Nb6 Ra8 30. Nxa8 Rxa8 31. Rb8+ 1-0

[Event "Outaouais-ch Reserves"]
[Site "Gatineau CAN"]
[Date "2018.04.17"]
[Round "3"]
[White "Traversy, Pierre"]
[Black "Berthiaume, Maxime"]
[Result "0-1"]
[WhiteElo "1226"]
[BlackElo "948"]
[PlyCount "90"]
[EventDate "2018.04.03"]
[EventType "swiss"]
[EventRounds "7"]
[EventCountry "CAN"]

1. d4 d5 2. Nf3 Nf6 3. Nc3 e6 4. a3 Be7 5. Bf4 a6 6. e3 O-O 7. Bd3 Ne8 8. e4 c6
9. e5 b6 10. O-O c5 11. Be3 Bd7 12. Qd2 Nc7 13. Ng5 g6 14. b3 f6 15. exf6 Rxf6
16. Nf3 Ne8 17. Bg5 Rf7 18. Ne2 Nc6 19. Rab1 Rxf3 20. Bxe7 Rxd3 21. Qxd3 Qxe7
22. c3 cxd4 23. cxd4 Qxa3 24. Qd2 Qd6 25. f4 Nf6 26. Ng3 Ne7 27. Qe2 Bb5 28.
Qe5 Qxe5 29. fxe5 Bxf1 30. exf6 Bd3 31. Rc1 Nf5 32. Nxf5 Bxf5 33. Rc7 Rf8 34.
Rc6 Rxf6 35. Rxb6 h5 36. Rxa6 Bd3 37. Ra8+ Rf8 38. Ra1 Rf4 39. g3 Rxd4 40. Rd1
e5 41. Kf2 e4 42. Ke3 Rb4 43. Rd2 d4+ 44. Kf4 Rb5 45. h3 Rf5# 0-1

[Event "Outaouais-ch Reserves"]
[Site "Gatineau CAN"]
[Date "2018.04.24"]
[Round "4"]
[White "Berthiaume, Maxime"]
[Black "Sabourin, Yves"]
[Result "0-1"]
[WhiteElo "948"]
[BlackElo "1501"]
[PlyCount "70"]
[EventDate "2018.04.03"]
[EventType "swiss"]
[EventRounds "7"]
[EventCountry "CAN"]

1. e4 e5 2. Nf3 Nf6 3. Nc3 Nc6 4. a3 d5 5. exd5 Nxd5 6. Nxd5 Qxd5 7. d3 Bg4 8.
c4 Qd7 9. Be3 Nd4 10. Be2 Nxf3+ 11. gxf3 Bf5 12. f4 exf4 13. Bxf4 O-O-O 14. Be3
Bxd3 15. Bxd3 Qxd3 16. Qxd3 Rxd3 17. Bxa7 b6 18. O-O Kb7 19. Bxb6 cxb6 20. Rfe1
Bd6 21. b4 Ra8 22. c5 bxc5 23. bxc5 Bxc5 24. Rab1+ Kc6 25. Rbc1 Raxa3 26. Re7
Rf3 27. Rc2 Kd6 28. Ree2 Rf5 29. Rcd2+ Rd5 30. Rxd5+ Kxd5 31. Kg2 Ra6 32. Rd2+
Kc4 33. f4 Be3 34. Rd7 Rf6 35. Rc7+ Kd5 0-1

[Event "Outaouais-ch Reserves"]
[Site "Gatineau CAN"]
[Date "2018.04.24"]
[Round "4"]
[White "Celac, Ekaterina"]
[Black "Legare, Gilles"]
[Result "0-1"]
[WhiteElo "1251"]
[BlackElo "1046"]
[PlyCount "98"]
[EventDate "2018.04.03"]
[EventType "swiss"]
[EventRounds "7"]
[EventCountry "CAN"]

1. e4 d6 2. d4 e6 3. Nf3 h6 4. Nc3 a6 5. Bf4 b6 6. e5 d5 7. Be2 g6 8. a3 Ne7 9.
g4 Bb7 10. b4 Nd7 11. a4 Bg7 12. h4 c6 13. b5 Qc7 14. Qd2 Qc8 15. Qe3 a5 16.
bxc6 Nxc6 17. Bb5 O-O 18. Bxh6 Nb4 19. Rc1 f6 20. Bxg7 Rf7 21. exf6 Nxf6 22.
Bxf6 Rxf6 23. Ne5 Kg7 24. h5 Qh8 25. Kd2 Raf8 26. hxg6 Rxf2+ 27. Be2 Rh2 28.
Qg3 Rxh1 29. Rxh1 Qxh1 30. Bf3 Qa1 31. Qh2 Rh8 32. Qf4 Rf8 33. Qg5 Nc6 34. Qh4
Rh8 35. Qxh8+ Kxh8 36. Nf7+ Kg7 37. Ng5 Nxd4 38. Nxe6+ Kxg6 39. Nxd4 Kg5 40.
Kd3 Qf1+ 41. Be2 Qh3+ 42. Bf3 Ba6+ 43. Ke3 Qg3 44. Kd2 Qf4+ 45. Ke1 Qxd4 46.
Nxd5 Qe5+ 47. Kf2 Qh2+ 48. Ke3 Qxc2 49. Nxb6 Qc5+ 0-1

[Event "Outaouais-ch Reserves"]
[Site "Gatineau CAN"]
[Date "2018.04.24"]
[Round "4"]
[White "Celac, Natalia"]
[Black "Yuan, Eric"]
[Result "0-1"]
[WhiteElo "983"]
[BlackElo "961"]
[PlyCount "54"]
[EventDate "2018.04.03"]
[EventType "swiss"]
[EventRounds "7"]
[EventCountry "CAN"]

1. d4 d5 2. Nf3 Nc6 3. Nc3 Nf6 4. e3 Bf5 5. e4 dxe4 6. Ne5 Nxd4 7. Bf4 e6 8.
Bb5+ c6 9. Bc4 Bd6 10. Qxd4 c5 11. Qd2 O-O 12. O-O Qb6 13. Rad1 Rad8 14. Bg5
Bxe5 15. Nd5 exd5 16. Bxd5 Rxd5 17. Bxf6 Rxd2 18. Rxd2 Qxf6 19. Rd5 Be6 20.
Rxc5 Bd6 21. Rb5 Qh6 22. f4 exf3 23. Rxb7 Qxh2+ 24. Kf2 Qg3+ 25. Ke3 Qf4+ 26.
Kf2 Bc5+ 27. Ke1 Qc1# 0-1

[Event "Outaouais-ch Reserves"]
[Site "Gatineau CAN"]
[Date "2018.04.24"]
[Round "4"]
[White "Chen, Annie"]
[Black "Labrie, Dany"]
[Result "0-1"]
[WhiteElo "1034"]
[BlackElo "1298"]
[PlyCount "54"]
[EventDate "2018.04.03"]
[EventType "swiss"]
[EventRounds "7"]
[EventCountry "CAN"]

1. e4 c5 2. c4 Nc6 3. Nc3 e6 4. Nf3 Nf6 5. e5 Ng4 6. Qe2 Be7 7. h3 Nd4 8. Qd1
Nxf2 9. Kxf2 Nxf3 10. Qxf3 O-O 11. g3 f6 12. exf6 Rxf6 13. Qxf6 Bxf6 14. Ne4
Bd4+ 15. Ke1 d5 16. cxd5 exd5 17. Nc3 a6 18. h4 Bg4 19. Rh2 b5 20. Bg2 Qe8+ 21.
Kf1 Qf8+ 22. Ke1 Re8+ 23. Ne2 Rxe2+ 24. Kd1 Rxg2+ 25. Kc2 Qf5+ 26. Kb3 Qf3+ 27.
d3 Qxd3# 0-1

[Event "Outaouais-ch Reserves"]
[Site "Gatineau CAN"]
[Date "2018.04.24"]
[Round "4"]
[White "Chen, Daniel"]
[Black "Tadros, Nicolas"]
[Result "0-1"]
[WhiteElo "996"]
[BlackElo "1259"]
[PlyCount "86"]
[EventDate "2018.04.03"]
[EventType "swiss"]
[EventRounds "7"]
[EventCountry "CAN"]

1. d4 d5 2. c4 c6 3. Nc3 Nf6 4. f4 dxc4 5. e4 e6 6. g3 Bb4 7. Nf3 Nxe4 8. Bxc4
Nxc3 9. bxc3 Bxc3+ 10. Kf2 Bxa1 11. Ba3 Bc3 12. Qc2 Bxd4+ 13. Nxd4 Qxd4+ 14.
Kf1 c5 15. Bb2 Qe3 16. Kg2 f5 17. Kh3 Rg8 18. Re1 Qxe1 19. g4 fxg4+ 20. Kg2 Qa5
21. f5 Qc7 22. fxe6 Qc6+ 23. Kf2 Rf8+ 24. Ke2 Qg2+ 25. Kd1 Qxc2+ 26. Kxc2 Rf2+
27. Kb1 Ke7 28. Ba3 b6 29. Bc1 h6 30. Be3 Rxh2 31. Bd5 Nc6 32. Bg1 Rd2 33. Bb3
Bxe6 34. Bxe6 Kxe6 35. a4 Rd1+ 36. Kb2 Rxg1 37. a5 Rf1 38. axb6 axb6 39. Kb3
Rf4 40. Kb2 Rf3 41. Kc2 Ra2+ 42. Kb1 Rh2 43. Kc1 Rf1# 0-1

[Event "Outaouais-ch Reserves"]
[Site "Gatineau CAN"]
[Date "2018.04.24"]
[Round "4"]
[White "Danilov, Alex"]
[Black "Raymond, Daniel"]
[Result "0-1"]
[WhiteElo "1667"]
[BlackElo "1725"]
[PlyCount "88"]
[EventDate "2018.04.03"]
[EventType "swiss"]
[EventRounds "7"]
[EventCountry "CAN"]

1. Nf3 d5 2. c4 e6 3. e3 c5 4. Nc3 d4 5. exd4 cxd4 6. Nb5 Nc6 7. d3 a6 8. Na3
Nf6 9. Be2 Be7 10. Bf4 Bb4+ 11. Nd2 e5 12. Bg5 h6 13. Bxf6 Qxf6 14. O-O Bf5 15.
f4 O-O 16. fxe5 Qxe5 17. Nc2 Rfe8 18. Nf3 Qxe2 19. Qxe2 Rxe2 20. Nxb4 Nxb4 21.
Nxd4 Rxb2 22. Nxf5 Nxd3 23. Rad1 Ne5 24. Nd6 Rb8 25. a4 f6 26. a5 Nc6 27. Nf5
Ne5 28. c5 Rb5 29. Rd5 Rxa5 30. Ne7+ Kh7 31. Rfd1 Re8 32. Nf5 Ra2 33. Nd6 Re7
34. Rb1 Ng4 35. Rd3 Ree2 36. Rg3 h5 37. Nf5 Rab2 38. Rd1 g5 39. h3 Ne5 40. h4
Ng4 41. hxg5 fxg5 42. Rd7+ Kg6 43. Ne7+ Rxe7 44. Rxe7 Rb1+ 0-1

[Event "Outaouais-ch Reserves"]
[Site "Gatineau CAN"]
[Date "2018.04.24"]
[Round "4"]
[White "Iyamuremye, Gervais"]
[Black "Masse-Garneau, Anthony"]
[Result "0-1"]
[WhiteElo "1486"]
[BlackElo "1549"]
[PlyCount "58"]
[EventDate "2018.04.03"]
[EventType "swiss"]
[EventRounds "7"]
[EventCountry "CAN"]

1. e4 e5 2. Nf3 Nc6 3. Bc4 Bc5 4. h3 Nf6 5. d3 O-O 6. Nc3 h6 7. O-O Re8 8. a3
d6 9. Na4 Bb6 10. Nxb6 axb6 11. Nh2 d5 12. exd5 Nxd5 13. Be3 Be6 14. Ba2 Qf6
15. Bxd5 Bxd5 16. f3 Rad8 17. Qe1 Qg6 18. Qh4 f5 19. Qf2 f4 20. Bd2 Be6 21. Kh1
Nd4 22. Bc3 Nf5 23. Rfe1 Ng3+ 24. Kg1 Bxh3 25. Bxe5 Qg5 26. Bxc7 Rc8 27. Bxb6
Kh7 28. gxh3 Ne2+ 29. Kh1 Rxc2 0-1

[Event "Outaouais-ch Reserves"]
[Site "Gatineau CAN"]
[Date "2018.04.24"]
[Round "4"]
[White "Lecorre, Joel"]
[Black "Ethier, Valori"]
[Result "1-0"]
[WhiteElo "1515"]
[BlackElo "1341"]
[PlyCount "105"]
[EventDate "2018.04.03"]
[EventType "swiss"]
[EventRounds "7"]
[EventCountry "CAN"]

1. e4 c6 2. d4 d5 3. Nc3 dxe4 4. Nxe4 Nd7 5. Nf3 Ngf6 6. Ng3 e6 7. Bd3 c5 8. c3
cxd4 9. Nxd4 Bc5 10. Nf3 Qb6 11. Qe2 O-O 12. O-O Rd8 13. b4 Bd6 14. a4 Qc7 15.
Bb2 Nd5 16. Qc2 Nf8 17. Ne4 Nf4 18. Nxd6 Nxd3 19. Qxd3 Rxd6 20. Qe2 b6 21. Rad1
Bb7 22. Rxd6 Qxd6 23. Rd1 Qe7 24. Qd3 Bxf3 25. Qxf3 Rd8 26. h3 Qc7 27. Rd3 Ng6
28. Qd1 Rxd3 29. Qxd3 Ne5 30. Qe4 f5 31. Qf4 Qd6 32. c4 Qd1+ 33. Kh2 Nd3 34.
Qb8+ Kf7 35. Qxa7+ Ke8 36. Bd4 Qd2 37. Qxb6 Qf4+ 38. g3 Qe4 39. b5 Kf7 40. Qa7+
Ke8 41. Bxg7 Ne1 42. Qb8+ Ke7 43. Qc7+ Ke8 44. Qc6+ Qxc6 45. bxc6 Nf3+ 46. Kg2
Ne1+ 47. Kf1 Nd3 48. Ke2 Nc5 49. a5 Kd8 50. Be5 Na6 51. Bd6 Ke8 52. Ke3 Kd8 53.
Kd4 1-0